| 000 | 00488cam a22001337a 4500 | ||
|---|---|---|---|
| 008 | 180718b1957 xxu||||| |||| 00| 0 eng d | ||
| 082 | _aK335 Si64 | ||
| 245 |
_aGuide to interviews: principles of selection and interview techniques for public services in India _cedited by Jogindar Singh |
||
| 260 |
_aDelhi _bServices Institute _c1957 |
||
| 300 | _a148p. | ||
| 440 | _aIndian scholar--2 | ||
| 650 | _aPublic service --Selection and interview techniques --India | ||
| 700 | _aSingh, Jogindar | ||
| 999 |
_c432279 _d432279 |
||